Plántulas de malezas dicotiledóneas frecuentes en el sudeste bonaerense /

Guardado en:
Autor Principal: Alonso, Sara Isabel.
Autor Corporativo: Instituto Nacional de Tecnología Agropecuaria (Argentina). Unidad Integrada Balcarce.
Formato: Libro
Idioma:Spanish
Publicado: Balcarce : Unidad integrada Facultad de Ciencias Agrarias - INTA EEA Balcarce, 1985.
Etiquetas: Agregar Etiqueta
Sin Etiquetas, Sea el primero en etiquetar este registro!
LEADER 00619nam a22001455a 4500
001 EEA.libagro003749
005 20190516125438.0
008 130809s1985####ag#a##########000#0#spa#d
082 0 4 |a 632.58 
100 1 |a Alonso, Sara Isabel. 
245 1 0 |a Plántulas de malezas dicotiledóneas frecuentes en el sudeste bonaerense /  |c Sara I. Alonso. 
260 |a Balcarce :  |b Unidad integrada Facultad de Ciencias Agrarias - INTA EEA Balcarce,  |c 1985. 
300 |a 23 p. :  |b il. ;  |c 21 cm. 
710 2 |a Instituto Nacional de Tecnología Agropecuaria (Argentina).  |b Unidad Integrada Balcarce. 
859 |a AR-BbBCA  |b BIB. AGRONOMIA  |h 632.58  |i A454  |p 1988/0986